Tinta

Bibliographic Details
Corporate Author: Institut Teknologi MARA
Format: Book
Published: Petaling Jaya Kajian Sains Perpustakaan & Maklumat, Institut Teknologi MARA, 1985-
Subjects:

MARC

LEADER 00000cam a2200000 7i4500
001 0000000474
008 021118n
022 0 |a 01275100 
090 0 0 |a Z671  |b .T5 
245 0 0 |a Tinta 
260 2 |a Petaling Jaya   |b Kajian Sains Perpustakaan & Maklumat, Institut Teknologi MARA, 1985- 
650 0 |a Library science  |v Periodicals 
710 2 1 |a Institut Teknologi MARA.  |c Kajian Sains Perpustakaan dan Maklumat 
999 |a 1000066605  |b Serials  |c Reference  |e Gong Badak Campus 
999 |a 1000066606  |b Serials  |c Reference  |e Gong Badak Campus 
999 |a 1000066612  |b Serials  |c Reference  |e Gong Badak Campus 
999 |a 1000067286  |b Serials  |c Reference  |e Gong Badak Campus